[Event "18th Fajr Open"]
[Site "Mashhad IRI"]
[Date "2010.02.24"]
[Round "8"]
[White "Mousavi Ghods,H"]
[Black "Moosavi,A"]
[Result "1-0"]
[WhiteElo "1898"]
[BlackElo "2111"]

1.d4 d5 2.c4 dxc4 3.Nf3 Nf6 4.e3 c5 5.Bxc4 e6 6.O-O Nc6 7.Qe2 cxd4 8.Rd1 Be7
9.exd4 a6 10.Bb3 O-O 11.Nc3 Na5 12.Bc2 b5 13.d5 exd5 14.Nxd5 Nxd5 15.Qe4 Nf6
16.Rxd8 Nxe4 17.Rxf8+ Kxf8 18.Bxe4 Bb7 19.Bxb7 Nxb7 20.Be3 Bf6 21.Bd4 Bxd4
22.Nxd4 Rd8 23.Rd1 Rd5 24.Kf1 Nc5 25.b3 Ne4 26.Rd3 b4 27.Ke2 Nc3+ 28.Kd2 Rc5
29.a4 g6 30.f4 h5 31.h3 Nd5 32.g3 h4 33.gxh4 Kg7 34.f5 gxf5 35.Nxf5+ Kf6
36.Nd6 Ke6 37.Ne4 Rc7 38.Ng5+ Ke5 39.Nf3+ Kd6 40.h5 f6 41.h6 Rh7 42.Nd4 Nf4
43.Rf3 Nh5 44.Kd3 Kd7 45.Nf5 Ke6 46.Kc4 Ke5 47.Kxb4 Nf4 48.Ne3 Ke4 49.Rg3 Nh5
50.Ng4 f5 51.Nf2+ Kf4 52.Rg6 Kf3 53.Nd3 Ke3 54.Ne5 f4 55.Ng4+ Ke2 56.Rxa6 f3
57.Re6+ Kd2 58.Re3 f2 59.Rf3 Ng3 60.Rxf2+ Ke1 61.Ra2 Rb7+ 62.Ka3 Ne4 63.Rc2 Nd2
64.Rxd2 Kxd2 65.Nf6 Kc2 66.b4 Re7 67.h7 Re3+ 68.Ka2 Rb3 69.a5 Rxb4 70.Ka3 Rb3+
71.Ka4 Rxh3 72.a6 Rh4+ 73.Kb5 Rh5+ 74.Nxh5  1-0

[Event "18th Fajr Open"]
[Site "Mashhad IRI"]
[Date "2010.02.26"]
[Round "10"]
[White "Aliev,K"]
[Black "Moosavi,A"]
[Result "0-1"]
[WhiteElo "2355"]
[BlackElo "2111"]

1.d4 d5 2.c4 dxc4 3.e3 e6 4.Bxc4 Nf6 5.Nf3 c5 6.O-O Nc6 7.dxc5 Bxc5 8.Qxd8+ Kxd8
9.a3 Ke7 10.b4 Bb6 11.Nc3 Rd8 12.Bb2 Bd7 13.Na4 Rac8 14.Rfc1 Ne8 15.Nxb6 axb6
16.Kf1 Nxb4 17.axb4 Rxc4 18.Rxc4 Bb5 19.Rc1 Rc8 20.Nd2 Nd6 21.Bxg7 Bxc4+
22.Nxc4 b5 23.Bd4 bxc4 24.Bc5 Kd7 25.Ke2 Rc6 26.f3 Nb5 27.e4 e5 28.Rd1+ Ke8
29.Rc1 b6 30.Be3 Nd4+ 31.Ke1 b5 32.Rd1 Ra6 33.Bxd4 exd4 34.Rxd4 Ra4 35.Rd5 Rxb4
36.Kd2 Ke7 37.Kc2 Rb3 38.Rc5 Kd6 39.Rf5 b4 40.Rxf7 Re3 41.Rb7 b3+ 42.Kd2 Rd3+
43.Ke2 Rc3 44.f4 Rc2+ 45.Ke3 b2 46.e5+ Kd5 47.Rb5+ Kc6 48.e6 Rc3+ 49.Kd4 Rb3
50.e7 Kd7 51.Re5 Ke8  0-1

[Event "26th Budapest Spring Festival"]
[Site "Budapest HUN"]
[Date "2010.03.26"]
[Round "7"]
[White "Karim,I"]
[Black "Horvath,Je"]
[Result "1-0"]
[WhiteElo "2386"]
[BlackElo "2016"]

1.d4 d5 2.Nf3 Nf6 3.c4 dxc4 4.e3 e6 5.Bxc4 c5 6.O-O a6 7.dxc5 Qxd1 8.Rxd1 Bxc5
9.Nfd2 O-O 10.Nb3 Be7 11.Nc3 Nc6 12.f3 b5 13.Be2 Bb7 14.e4 Rac8 15.Be3 Ne5
16.a4 b4 17.Na2 Rc2 18.Rd2 Rxd2 19.Bxd2 Nc6 20.Be3 Nd7 21.Rd1 Rd8 22.Nac1 Ndb8
23.Rxd8+ Bxd8 24.Nd3 Nd7 25.Kf2 Bc8 26.f4 e5 27.f5 Be7 28.g4 Kf8 29.g5 Nd4
30.Nxd4 exd4 31.Bxd4 Bxg5 32.Nxb4 a5 33.Nc6 Bd2 34.Bb5 Bb7 35.Ke2 Bxc6 36.Bxc6 Nb8
37.Bc5+ Kg8 38.Bb5 Bf4 39.h3 Bc7 40.b4 h6 41.bxa5 Bxa5 42.Bd6  1-0

[Event "ch-WLS"]
[Site "Cardiff WLS"]
[Date "2010.04.02"]
[Round "1"]
[White "Brown,Th"]
[Black "Thomas,Jam"]
[Result "1/2-1/2"]
[WhiteElo "2055"]
[BlackElo "1870"]

1.d4 d5 2.c4 dxc4 3.Nf3 Nf6 4.e3 e6 5.Bxc4 c5 6.O-O a6 7.Bb3 Be7 8.Qe2 O-O
9.dxc5 Bxc5 10.e4 Bd7 11.Nc3 Bc6 12.Bg5 Be7 13.Rfd1 Qc7 14.Nd4 Re8 15.Rd3 h6
16.Nxc6 Nxc6 17.Bh4 Rad8 18.Bg3 Qb6 19.Rad1 Rxd3 20.Rxd3 Rd8 21.Rxd8+ Qxd8
22.Qd1 Qxd1+ 23.Bxd1 Nd7 24.Kf1 Nd4 25.Ne2 Bf6 26.Nxd4 Bxd4 27.b3 e5 28.Ke2 Kf8
29.Kd2 Ke7 30.b4 b5 31.a4 Kd6 32.a5 Nb8 33.Kc2  1/2-1/2

[Event "ch-WLS"]
[Site "Cardiff WLS"]
[Date "2010.04.04"]
[Round "5"]
[White "Khanna,P"]
[Black "Thomas,Jam"]
[Result "1/2-1/2"]
[WhiteElo "2023"]
[BlackElo "1870"]

1.d4 d5 2.Nf3 Nf6 3.c4 dxc4 4.e3 e6 5.Bxc4 c5 6.O-O a6 7.a4 Qc7 8.Qe2 Nc6
9.Nc3 Be7 10.h3 O-O 11.Rd1 Rd8 12.d5 exd5 13.Nxd5 Nxd5 14.Bxd5 Nb4 15.Be4 Rxd1+
16.Qxd1 Be6 17.Bd2 Rd8 18.Qb1 h6 19.Bc3 Bb3 20.Nd2 Be6 21.b3 Nd5 22.Bxd5 Rxd5
23.Qb2 Qd7 24.Nf1 Rg5 25.f4 Rg6 26.Kh2 Bd5 27.g3 Qe6 28.Qb1 Be4 29.Qd1 Qc6
30.Ra2 Rd6 31.Rd2 Rxd2+ 32.Nxd2 Bg6 33.Qe2  1/2-1/2

[Event "IV Open"]
[Site "La Laguna ESP"]
[Date "2010.04.09"]
[Round "6"]
[White "Estevez Hernandez,C"]
[Black "Perez Martin,N"]
[Result "1/2-1/2"]
[WhiteElo "1810"]
[BlackElo "1521"]

1.d4 d5 2.c4 dxc4 3.e3 Nf6 4.Bxc4 e6 5.Nf3 c5 6.O-O Be7 7.Qe2 O-O 8.Rd1 Qc7
9.Nc3 a6 10.a4 Nc6 11.d5 Na5 12.dxe6 Nxc4 13.exf7+ Rxf7 14.Qxc4 h6 15.h3 Qb6
16.a5 Be6 17.axb6 Bxc4 18.Ne5 Bb3 19.Nxf7 Bxd1 20.Nxh6+ gxh6 21.Nxd1 Nd7
22.e4 Kh7 23.Ra3 Nxb6 24.Rb3 Rd8 25.Nc3 Rd6 26.Bf4 Re6 27.Bc7 Na8 28.Rxb7 Nxc7
29.Rxc7 Kg6 30.f4 Kh5 31.f5 Re5 32.Rc6 a5 33.Re6 Rxe6 34.fxe6 Kg5 35.Nd5 Bf6
36.h4+ Kg6 37.h5+ Kg7 38.b3 c4 39.bxc4 a4 40.Kf1 a3 41.Nb4 Be7 42.Na2 Kf6
43.Ke2 Kxe6 44.Ke3 Ke5 45.g3 Bc5+ 46.Kd3 Bf2 47.Nb4 Bxg3 48.c5 Be1 49.Nc2 Ba5
50.Ke3  1/2-1/2

[Event "TCh-ISR"]
[Site "Israel ISR"]
[Date "2010.04.16"]
[Round "5"]
[White "Greenfeld,A"]
[Black "Vasiliev,Olg"]
[Result "1-0"]
[WhiteElo "2559"]
[BlackElo "2293"]

1.d4 d5 2.c4 dxc4 3.Nf3 Nf6 4.e3 e6 5.Bxc4 c5 6.O-O a6 7.Bd3 Nc6 8.Nc3 b5
9.a4 b4 10.Ne4 cxd4 11.Nxf6+ Qxf6 12.exd4 h6 13.Re1 Be7 14.Be4 Bd7 15.Ne5 Rc8
16.Nxd7 Kxd7 17.d5 exd5 18.Qxd5+ Ke8 19.Be3 Nd8 20.Rad1 Kf8 21.Bf5 Rc6 22.Bd4 Qg5
23.h4 Qxh4 24.Bd7 Rc2 25.g3 Qg5 26.Re5 Qf6 27.Rde1 Ne6 28.Qa8+ Bd8 29.Rxe6  1-0

[Event "ch-SRB w"]
[Site "Pancevo SRB"]
[Date "2010.04.24"]
[Round "5"]
[White "Djukic,Sa"]
[Black "Rakic,Ma"]
[Result "1/2-1/2"]
[WhiteElo "2214"]
[BlackElo "2306"]

1.Nf3 d5 2.d4 Nf6 3.c4 dxc4 4.e3 e6 5.Bxc4 c5 6.Nc3 a6 7.dxc5 Qxd1+ 8.Kxd1 Bxc5
9.Ke2 b5 10.Bd3 Bb7 11.a3 Nbd7 12.b4 Bd6 13.Bb2 Ke7 14.Rac1 Rhd8 15.Rhd1 Rac8
16.g3 Bxf3+ 17.Kxf3 Ne5+ 18.Ke2 Nxd3 19.Rxd3 Ke8  1/2-1/2

[Event "ch-CZE"]
[Site "Ostrava CZE"]
[Date "2010.05.04"]
[Round "4"]
[White "Zilka,S"]
[Black "Vaculik,M"]
[Result "1-0"]
[WhiteElo "2509"]
[BlackElo "2298"]

1.d4 d5 2.c4 dxc4 3.Nf3 Nf6 4.e3 e6 5.Bxc4 c5 6.O-O a6 7.dxc5 Bxc5 8.Qxd8+ Kxd8
9.Nbd2 b5 10.Be2 Nbd7 11.Nb3 Bb6 12.Bd2 Ne4 13.Ba5 Bb7 14.Ne5 Nxe5 15.Bxb6+ Ke7
16.f3 Nd6 17.Bc5 f5 18.Rfd1 Rhd8 19.a4 Bd5 20.Nd4 bxa4 21.Nxf5+ exf5 22.Rxd5 Ke6
23.Rad1 Nb7 24.Rxd8 Rxd8 25.Rxd8 Nxd8 26.Bxa6 Kd5 27.Bb6 Ne6 28.Bb5 Nc5 29.e4+ fxe4
30.fxe4+ Nxe4 31.Bxa4 Nc4 32.Bb3 Nd2 33.Ba2 Ke4 34.Bc5 Nxb2 35.Bg8 h5 36.Bb4 Ndc4
37.Bc3 g5 38.h3 h4 39.Be6 Kf4 40.Bd4 Ke4 41.Bf6 Kf4 42.Bd4 Ke4 43.Bc3 Kf4
44.Bg8 Nd1 45.Bd4 Nde3 46.Ba7 g4 47.Bb8+ Ne5 48.Be6 Ke4 49.Bc8 gxh3 50.gxh3 Nf5
51.Bb7+ Kf4 52.Bc7 Ng3 53.Kg2 Ne4 54.Bd8 Ng5 55.Ba5 Ne4 56.Be1 Nf3 57.Bb4 Ne5
58.Ba3 Nc4 59.Be7 Ne3+ 60.Kh2 Nf5 61.Bd8 Kf3 62.Bg5 Nd6 63.Bd5 Nf5 64.Ba8 Ne3
65.Bxh4 Kf4 66.Bd8 Ng5 67.Bc7+ Kf5 68.Bb7 Ne6 69.Bb6 Nc4 70.Bf2 Nd6 71.Ba6 Nf4
72.Bc5 Ne4 73.Bc8+ Kf6 74.Bd4+ Kg6 75.Be5 Nh5 76.Bd7 Nef6 77.Be6 Kg7 78.Bb3 Kg6
79.Bc2+ Kf7 80.Kg2 Ke6 81.Bb2 Kf7 82.Kf3 Kg7 83.Be5 Kh6 84.h4 Kg7 85.Ke3 Kf7
86.Bb2 Ke6 87.Bg6 Nd5+ 88.Kd4 Ndf6 89.Bd3 Ng7 90.Ke3 Ngh5 91.Ba6 Kf5 92.Bc8+ Kg6
93.Bh3 Ng3 94.Kf4 Ngh5+ 95.Ke5 Ng3 96.Ke6 Nfe4 97.Bg4 Nf2 98.Bf3 Nd3 99.Bc3 Nf4+
100.Ke5 Nfh5 101.Be1 Kg7 102.Bd1 Kf7 103.Bb3+ Kg6 104.Bc2+ Kf7 105.Bd3 Kg7
106.Bd2 Kf7 107.Bg5 Kg7 108.Ke6 Kf8 109.Bh6+ Kg8 110.Ke7 Nh1 111.Bg6 N1g3
112.Ke6 Ng7+ 113.Kf6 N3h5+ 114.Kg5 Ng3 115.Kg4 Ne2 116.h5 Nd4 117.Bf4 Nde6
118.Be5 Nf8 119.Bd3 Nd7 120.Bd4 Ne8 121.Bg6 Nef6+ 122.Kf5 Kg7 123.Kg5 Kg8
124.h6 Nh7+ 125.Kf5 Ndf6 126.Ke6 Kf8 127.Bc5+ Kg8 128.Bf7+ Kh8 129.Bd4 Ng5+
130.Kxf6  1-0

[Event "ch-UKR"]
[Site "Alushta UKR"]
[Date "2010.05.05"]
[Round "3"]
[White "Kurochkin,Val"]
[Black "Varchenko,G"]
[Result "1-0"]
[WhiteElo "2369"]
[BlackElo "2141"]

1.d4 Nf6 2.Nf3 d5 3.c4 dxc4 4.e3 e6 5.Bxc4 c5 6.O-O a6 7.Qe2 b5 8.Bb3 Bb7
9.Rd1 Qb6 10.Nc3 Nbd7 11.d5 exd5 12.Nxd5 Nxd5 13.Bxd5 Bxd5 14.Rxd5 Be7 15.e4 Rd8
16.Be3 Qe6 17.Rad1 h6 18.b4 Qxe4 19.bxc5 Bxc5 20.Re5+ Nxe5 21.Rxd8+ Kxd8
22.Bg5+ hxg5 23.Qxe4 Nxf3+ 24.Qxf3 Kc7 25.Qxf7+ Kb6 26.Qe6+ Ka5 27.Qd5 Kb6
28.Kf1 Rxh2 29.Qd8+ Kc6 30.Qc8+ Kd5 31.Qb7+ Kc4 32.Qf7+ Kb4 33.Qxg7 Rh1+
34.Ke2 Rb1 35.Kd2 Ka4 36.Qxg5 Bb4+ 37.Kc2 Re1 38.Qg4 Re5 39.Kb2 Rd5 40.Qf3 Rd2+
41.Kb1 Bc5 42.Qc3 Bb4 43.Qb3+ Ka5 44.a3 Rd4 45.Qg3 Bc5 46.Qc7+ Bb6 47.Qc3+ b4
48.axb4+ Rxb4+ 49.Ka2 Bd4 50.Qc7+ Ka4 51.Qc2+ Kb5 52.Ka3 a5 53.Qe2+ Rc4 54.g4 a4
55.Qe8+ Ka5 56.Qd8+ Kb5 57.Qd7+ Ka5 58.Qd8+ Kb5 59.Qb8+ Ka5 60.Qa8+ Kb5 61.Qe8+ Ka5
62.Qe2 Bc5+ 63.Ka2 Rc3 64.Qe1 Bb4 65.Qe5+ Rc5 66.Qe4 Rc3 67.Qf5+ Rc5 68.Qd3 Rc3
69.Qd5+ Rc5 70.Qd8+ Kb5 71.Qd3+ Ka5 72.g5 Rc3 73.Qd5+ Kb6 74.Qd4+ Ka5 75.Qd8+ Kb5
76.Qb8+ Ka5 77.Qa8+ Kb5 78.Qd5+ Kb6 79.g6 Ra3+ 80.Kb2 Rb3+ 81.Kc2 Rc3+ 82.Kd1  1-0

[Event "ch-Commonwealth"]
[Site "Delhi IND"]
[Date "2010.05.12"]
[Round "4"]
[White "Kunte,A"]
[Black "Srikanth,A"]
[Result "1-0"]
[WhiteElo "2523"]
[BlackElo "2141"]

1.d4 d5 2.c4 dxc4 3.Nf3 Nf6 4.e3 e6 5.Bxc4 c5 6.O-O a6 7.dxc5 Qxd1 8.Rxd1 Bxc5
9.Be2 O-O 10.Nbd2 Rd8 11.b3 b6 12.Ne5 Bb7 13.Nd3 Be7 14.Nc4 Nbd7 15.f3 a5
16.Bd2 Ba6 17.Kf2 Bxc4 18.bxc4 Nc5 19.Nxc5 Bxc5 20.Bc3 Rxd1 21.Rxd1 Kf8 22.g4 Ke7
23.g5 Ne8 24.h4 Rd8 25.Bd3 f6 26.Ke2 Kf7 27.Bg6+ Ke7 28.Rxd8 Kxd8 29.Bxh7 Ke7
30.Bg6 Nd6 31.Kd3 e5 32.f4 Ke6 33.gxf6 gxf6 34.h5 exf4 35.h6 Nf7 36.Bxf7+ Kxf7
37.h7 Kg7 38.Bxf6+ Kxh7 39.exf4 Bd6 40.Be5 Bb4 41.Bd4 Bd6 42.Ke4 Bc7 43.f5 Kg8
44.Kd5 a4 45.Kc6 Bf4 46.Bxb6  1-0

[Event "I Tancat w"]
[Site "Sabadell ESP"]
[Date "2010.05.17"]
[Round "4"]
[White "Aranaz Murillo,A"]
[Black "Medina Altamirano,K"]
[Result "1-0"]
[WhiteElo "2161"]
[BlackElo "2009"]

1.Nf3 d5 2.d4 Nf6 3.c4 dxc4 4.e3 e6 5.Bxc4 c5 6.O-O a6 7.dxc5 Bxc5 8.Qxd8+ Kxd8
9.Rd1+ Ke7 10.Be2 Nc6 11.Nbd2 Rd8 12.a3 Kf8 13.b4 Be7 14.Bb2 Bd7 15.Nb3 Be8
16.Rdc1 Ne4 17.Nfd4 Nxd4 18.Bxd4 Bf6 19.Bf3 Bxd4 20.Nxd4 Nd6 21.Nb3 Rac8
22.Nc5 Bc6 23.Bxc6 Rxc6 24.f3 Ke7 25.e4 e5 26.Rd1 Rc7 27.Rd5 f6 28.Rad1 Nf7
29.Kf2 Nd6 30.g3 b6 31.Nxa6 Rc2+ 32.Kg1 Rc3 33.R5d3 Rxd3 34.Rxd3 Nb5 35.Rxd8 Kxd8
36.a4 Nd4 37.Kf2 Kc8 38.Ke3 Kb7 39.b5 Ne6 40.f4 Nd4 41.fxe5 fxe5 42.Nb4 h6
43.Nd3 Ne6 44.Nxe5 Nc5 45.Kd4 Nxa4 46.Nd3 Kc7 47.Kc4 Kd6 48.Kb4 Nb2 49.Nxb2 Ke5
50.Nc4+ Kxe4 51.Nxb6  1-0

[Event "34th Open"]
[Site "Fourmies FRA"]
[Date "2010.05.23"]
[Round "4"]
[White "Song,Ju"]
[Black "Levers,T"]
[Result "1-0"]
[WhiteElo "2344"]
[BlackElo "1944"]

1.d4 d5 2.Nf3 Nf6 3.c4 dxc4 4.e3 e6 5.Bxc4 c5 6.O-O a6 7.dxc5 Qxd1 8.Rxd1 Bxc5
9.Nfd2 O-O 10.Nb3 Be7 11.Nc3 b6 12.f3 Bb7 13.e4 Nc6 14.Be3 b5 15.Bf1 Rad8
16.Rdc1 Nd7 17.a4 b4 18.Ne2 Rc8 19.Ned4 Bf6 20.Nxc6 Rxc6 21.Na5 Rxc1 22.Rxc1 Bc8
23.Rc2 Be7 24.Nc6 Bd6 25.Rd2 Bc5 26.Bxc5 Nxc5 27.Ne7+ Kh8 28.Rc2 Nxa4 29.Nxc8 Nxb2
30.Rxb2 Rxc8 31.Bxa6 Rb8 32.Rc2 g5 33.Rc8+ Rxc8 34.Bxc8 Kg7 35.Kf2 b3 36.Ba6 Kf6
37.Ke3 b2 38.Bd3 Ke5 39.g3  1-0

[Event "14th Master Open"]
[Site "Voronezh RUS"]
[Date "2010.06.12"]
[Round "1"]
[White "Grigoryan,Av"]
[Black "Elizarov,D"]
[Result "1-0"]
[WhiteElo "2576"]
[BlackElo "2356"]

1.d4 d5 2.c4 c6 3.Nf3 Nf6 4.e3 e6 5.Bd3 dxc4 6.Bxc4 c5 7.O-O Nbd7 8.Nc3 cxd4
9.exd4 Be7 10.Bg5 O-O 11.Qe2 Nb6 12.Bb3 a5 13.Rad1 Nfd5 14.h4 h6 15.Bxe7 Nxe7
16.Bc2 Nbd5 17.Ne5 Nf6 18.g4 Ned5 19.f4 Nxc3 20.bxc3 Nd5 21.g5 g6 22.c4 Nc3
23.Qd3 Nxd1 24.Nxg6 f5 25.Nxf8 Nb2 26.Qc3 Nxc4 27.Ng6 b5 28.d5 Kh7 29.Ne5 Nxe5
30.Qxe5 Ra7 31.Rf2 Qc7 32.d6 Qd7 33.Qc5 Bb7 34.Re2 Bd5 35.Bxf5+  1-0

[Event "Open"]
[Site "Teplice CZE"]
[Date "2010.06.16"]
[Round "5"]
[White "Bernasek,J"]
[Black "Voloshin,L"]
[Result "1-0"]
[WhiteElo "2495"]
[BlackElo "2452"]

1.d4 d5 2.c4 dxc4 3.Nf3 Nf6 4.e3 e6 5.Bxc4 c5 6.O-O a6 7.b3 b5 8.Be2 Bb7
9.Bb2 Nbd7 10.a4 b4 11.Nbd2 Be7 12.a5 O-O 13.Nc4 Rc8 14.Nfe5 cxd4 15.Nxd7 Nxd7
16.Bxd4 Bc5 17.Ra4 Qg5 18.Bf3 Bxf3 19.Qxf3 Rc7 20.Rd1 Rb8 21.h4 Qxh4 22.Ne5 Bxd4
23.Qxf7+ Kh8 24.Rxb4 Rf8 25.Nxd7 Rd8 26.Rbxd4 Qg5 27.Nf6  1-0

[Event "14th Master Open"]
[Site "Voronezh RUS"]
[Date "2010.06.16"]
[Round "5"]
[White "Gunina,V"]
[Black "Zubov,A UKR"]
[Result "1/2-1/2"]
[WhiteElo "2457"]
[BlackElo "2586"]

1.d4 d5 2.c4 dxc4 3.Nf3 Nf6 4.e3 e6 5.Bxc4 c5 6.O-O a6 7.dxc5 Qxd1 8.Rxd1 Bxc5
9.Nbd2 O-O 10.Nb3 Be7 11.Be2 b6 12.Nfd4 Bb7 13.f3 Nbd7 14.e4 Rfc8 15.Be3 Nc5
16.Nxc5 Bxc5 17.Kf2 Kf8 18.Rd3 a5 19.Rad1 Ba6 20.Rc3 Bxe2 21.Kxe2 Ke7 22.Rdc1 a4
23.b4 axb3 24.axb3 Kd7 25.Rd1 Ke7 26.Rdc1 Kd7 27.Rc4 Ra2+ 28.Kf1 Rb2 29.Rd1 Ke8
30.Ra1 Rd8 31.b4 Rxb4 32.Rxb4 Bxb4 33.Nc6 Bc3 34.Rc1 Bb2 35.Rb1  1/2-1/2

[Event "Open"]
[Site "Teplice CZE"]
[Date "2010.06.17"]
[Round "6"]
[White "Klakurka,S"]
[Black "Blazek,Ja"]
[Result "1/2-1/2"]
[WhiteElo "1968"]
[BlackElo "1774"]

1.d4 d5 2.c4 dxc4 3.Nf3 Nf6 4.e3 e6 5.Bxc4 c5 6.O-O a6 7.a3 b5 8.Be2 Bb7
9.Nc3 cxd4 10.Qxd4 Qxd4 11.Nxd4 Nbd7 12.Bd2 Bc5 13.Bf3 Bxf3 14.Nxf3 O-O 15.Rac1 Rac8
16.Rfd1 Nb6 17.Be1 h6 18.Nd2 Rfd8 19.Kf1 Ng4 20.Ke2 Be7 21.Nce4 f5 22.Rxc8 Rxc8
23.Nc3 Bf6 24.Nf3 Rc6 25.Nd4 Rd6 26.Nb3 Rxd1 27.Nxd1 Na4 28.Nd4 Bxd4 29.exd4 Nf6
30.Ba5 Nd5  1/2-1/2

[Event "Open"]
[Site "Teplice CZE"]
[Date "2010.06.19"]
[Round "8"]
[White "Cerny,M"]
[Black "Papay,M"]
[Result "0-1"]
[WhiteElo "2193"]
[BlackElo "1937"]

1.d4 d5 2.c4 dxc4 3.Nf3 Nf6 4.e3 e6 5.Bxc4 c5 6.O-O a6 7.a4 Nc6 8.Qe2 Be7
9.Rd1 Qc7 10.Nbd2 O-O 11.Nb3 cxd4 12.exd4 Nd5 13.Bd2 Bd6 14.Qe4 Nf6 15.Qh4 e5
16.Bd3 e4 17.Bxe4 Nxe4 18.Qxe4 g6 19.Bg5 Bf5 20.Qh4 Bc2 21.d5 Bxd1 22.Rxd1 Ne5
23.Nfd4 Rfe8 24.f4 Nc4 25.f5 Ne3 26.Rd3 Nxd5 27.Rh3 h5 28.Qf2 Bf4 29.Bxf4 Qxf4
30.Rf3 Qe4 31.g4 hxg4 32.Rg3 Ne3  0-1

[Event "4th Open"]
[Site "Varna BUL"]
[Date "2010.06.19"]
[Round "8"]
[White "Kazimova,N"]
[Black "Stjazhkina,O"]
[Result "1/2-1/2"]
[WhiteElo "2227"]
[BlackElo "2280"]

1.Nf3 d5 2.d4 Nf6 3.c4 dxc4 4.e3 e6 5.Bxc4 c5 6.O-O Nc6 7.Nc3 Be7 8.dxc5 Qxd1
9.Rxd1 Bxc5 10.a3 Ke7 11.b4 Bd6 12.Bb2 Bd7 13.Rd2 Rhd8 14.Rad1 Be8 15.Nb5 Bb8
16.Rxd8 Nxd8 17.Bd4 b6 18.Be5 Nc6 19.Bxb8 Rxb8  1/2-1/2

[Event "ch-PAR"]
[Site "Asuncion URU"]
[Date "2010.06.20"]
[Round "5"]
[White "Valiente,C"]
[Black "Recalde,Ar"]
[Result "1/2-1/2"]
[WhiteElo "2259"]
[BlackElo "1998"]

1.d4 d5 2.Nf3 Nf6 3.c4 dxc4 4.e3 e6 5.Bxc4 c5 6.O-O a6 7.a4 Qc7 8.Qe2 Nc6
9.Nc3 Bd6 10.Bd2 O-O 11.Rac1 Qe7 12.dxc5 Bxc5 13.e4 e5 14.Bg5 Be6 15.Nd5 Bxd5
16.Bxd5 Nd4 17.Nxd4 Bxd4 18.Rc4 Qd6 19.Bxb7 Rab8 20.Bxf6 Rxb7 21.Bh4 Rxb2
22.Rc2 Rfb8 23.Rfc1 Rb1 24.Qg4 Rxc1+ 25.Rxc1 h6 26.h3 a5  1/2-1/2

[Event "Scheveningen"]
[Site "Kefar Sava ISR"]
[Date "2010.06.30"]
[Round "9"]
[White "Ben Artzi,I"]
[Black "Zilberman,Y"]
[Result "0-1"]
[WhiteElo "2143"]
[BlackElo "2437"]

1.d4 d5 2.c4 dxc4 3.e3 Nf6 4.Bxc4 e6 5.Nf3 c5 6.O-O a6 7.Bb3 Nc6 8.Qe2 cxd4
9.Rd1 Be7 10.exd4 O-O 11.Nc3 Na5 12.Bc2 b5 13.Bg5 Bb7 14.Bxf6 Bxf6 15.Ne4 Rc8
16.Nc5 Qe7 17.Be4 Bxe4 18.Nxe4 Rfd8 19.Nxf6+ Qxf6 20.Rac1 h6 21.Rxc8 Rxc8
22.a4 Qf5 23.h3 Rc2 24.Qe1 Nc4 25.d5 Nxb2 26.dxe6 Nxd1 27.e7 Rc8 28.Qxd1 Re8
29.Qd8 Qc8 30.Qxc8 Rxc8 31.axb5 axb5 32.Nd4 b4 33.Kf1 Re8 34.Ke2 Rxe7+ 35.Kd3 Rc7
36.Nb5 Rc5  0-1

[Event "IsBank TCh-TUR"]
[Site "Konya TUR"]
[Date "2010.07.02"]
[Round "6"]
[White "Esen,B"]
[Black "Kozhuharov,S"]
[Result "1/2-1/2"]
[WhiteElo "2521"]
[BlackElo "2404"]

1.d4 d5 2.Nf3 Nf6 3.c4 dxc4 4.e3 e6 5.Bxc4 c5 6.O-O Nc6 7.a3 a6 8.dxc5 Qxd1
9.Rxd1 Bxc5 10.b4 Be7 11.Bb2 O-O 12.Nbd2 Rd8 13.Nb1 Rf8 14.Nbd2 Rd8 15.Be2 Bd7
16.Nc4 Be8 17.Rdc1 Nd5 18.Nd4 Nxd4 19.Bxd4 Bb5 20.Bf3 Bxc4 21.Rxc4 b5 22.Rc2 a5
23.bxa5 Rxa5 24.Bxd5 Rxd5 25.Rc8+ Rd8 26.Rxd8+ Bxd8 27.Bc5 f5 28.g3 Kf7 29.Rd1 Bf6
30.Rd7+ Kg6 31.Rd3 Kf7 32.Kf1 Ra6 33.Rb3 Be7  1/2-1/2

[Event "ch-SWE"]
[Site "Lund SWE"]
[Date "2010.07.08"]
[Round "6"]
[White "Brynell,S"]
[Black "Vas,P SWE"]
[Result "1-0"]
[WhiteElo "2495"]
[BlackElo "2305"]

1.d4 d5 2.c4 dxc4 3.Nf3 Nf6 4.e3 e6 5.Bxc4 c5 6.O-O a6 7.Bd3 Nc6 8.a3 cxd4
9.exd4 Be7 10.Nc3 O-O 11.Bc2 b5 12.Qd3 Bb7 13.Re1 g6 14.Bh6 Re8 15.Rad1 Rc8
16.Bb1 Na5 17.Ne5 Nc4 18.Qe2 Nd6 19.Ba2 Nd5 20.Nxd5 Bxd5 21.Bxd5 exd5 22.Qf3 Nf5
23.Nxf7 Kxf7 24.g4 Qd7 25.gxf5 Qxf5 26.Qxf5+ gxf5 27.Re5 Bf6 28.Rxf5 Kg6
29.Rf3 Rc2 30.b3 Re4 31.Be3 Rc3 32.Kh1 Rxb3 33.Rc1 Kf7 34.Rh3 Rg4 35.Rxh7+ Kg6
36.Rd7 Rxa3 37.h3 Rh4 38.Rc6 Rxh3+ 39.Kg2 Rh5 40.Rdd6 Rf5 41.Rxa6 Rxa6 42.Rxa6 Rh5
43.Rb6 Rh4 44.Kg3 Re4 45.Kf3 Kf5 46.Rxb5 Bxd4 47.Rxd5+ Be5 48.Ra5 Rb4 49.Ke2 Ke6
50.Kd3 Rb3+ 51.Ke4 Rb4+ 52.Kf3 Kf5 53.Rd5 Ra4 54.Rd8 Rb4 55.Rf8+ Ke6 56.Kg2 Rb8
57.Rf3 Rh8 58.Kf1 Rh1+ 59.Ke2 Rh8 60.Kd3 Rd8+ 61.Ke2 Rh8 62.Bd2 Ra8 63.Rb3 Ra4
64.Rb5 Re4+ 65.Kf3 Ra4 66.Bb4 Ra8 67.Ke4 Bc7 68.Bc3 Rf8 69.Bd4 Rf4+ 70.Kd3 Rf5
71.Rb7 Rf3+ 72.Be3 Rf7 73.Ke4 Re7 74.Bg5 Rd7 75.Rb5 Rd1 76.Be3 Ra1 77.Rh5 Ra4+
78.Bd4 Bf4 79.Rc5 Bd6 80.Rg5 Be7 81.Rg6+ Kf7 82.Rc6 Bh4 83.Kd3 Ra3+ 84.Ke2 Ra2+
85.Kf1 Ra4 86.Be3 Re4 87.Rc3 Bf6 88.Rb3 Rc4 89.Ke2 Be5 90.f3 Ke6 91.Ra3 Kd5
92.Ra5+ Ke6 93.Bd2 Rh4 94.Rb5 Ra4 95.Bb4 Ra8 96.Bc5 Rb8 97.Ra5 Rb3 98.Ra8 Kd5
99.Ba3 Rb8 100.Ra5+ Ke6 101.Ke3 Bd6 102.Bc1 Rb3+ 103.Ke2 Rb4 104.Ra6 Rb3
105.Bf4 Rb2+ 106.Ke3 Rb3+ 107.Kf2 Rd3 108.Rxd6+ Rxd6 109.Bxd6 Kxd6 110.Kg3 Ke6
111.Kg4 Ke7 112.Kf5 Ke8 113.Kf6 Kf8 114.f4 Ke8 115.Kg7  1-0

[Event "ZDMI Open"]
[Site "Dresden GER"]
[Date "2010.07.10"]
[Round "1"]
[White "Iotov,V"]
[Black "Hansch,Ka"]
[Result "1-0"]
[WhiteElo "2581"]
[BlackElo "1893"]

1.d4 d5 2.Nf3 Nf6 3.c4 dxc4 4.e3 c5 5.Bxc4 e6 6.O-O Nc6 7.Qe2 Be7 8.Rd1 Qc7
9.Nc3 a6 10.h3 O-O 11.d5 exd5 12.Nxd5 Nxd5 13.Bxd5 Bf5 14.e4 Bg6 15.Bd2 Bf6
16.Rac1 Ne7 17.Bc3 Nxd5 18.exd5 Be7 19.b4 Rfd8 20.bxc5 Bxc5 21.d6  1-0

[Event "30th Open"]
[Site "Benasque ESP"]
[Date "2010.07.11"]
[Round "4"]
[White "Georgiev,Ki"]
[Black "Sarakauskas,G"]
[Result "1-0"]
[WhiteElo "2675"]
[BlackElo "2440"]

1.d4 d5 2.c4 dxc4 3.Nf3 Nf6 4.e3 e6 5.Bxc4 c5 6.O-O a6 7.Bb3 Nc6 8.Nc3 Be7
9.dxc5 Qxd1 10.Rxd1 Bxc5 11.Bd2 Ba7 12.Rac1 Ke7 13.Be1 Rd8 14.Rxd8 Kxd8 15.Na4 Ke7
16.Nc5 Nd7 17.Nd3 f6 18.Ba4 Kd6 19.Nd2 b5 20.Ne4+ Kc7 21.Bb3 Nb8 22.Nf4 e5
23.Ba5+ Kd7 24.Be6+ Ke7 25.Bxc8 exf4 26.Bb7 Nxa5 27.Bxa8 fxe3 28.Kf1 Nd7
29.b3 exf2 30.Nxf2 Kd6 31.Nd3 Nb6 32.Bf3 Nd5 33.Bxd5 Kxd5 34.Rc7 Nc6 35.Rxg7  1-0

[Event "ch-USA w"]
[Site "St Louis USA"]
[Date "2010.07.11"]
[Round "2"]
[White "Foisor,S"]
[Black "Rohonyan,K"]
[Result "0-1"]
[WhiteElo "2317"]
[BlackElo "2319"]

1.d4 d5 2.c4 dxc4 3.e3 Nf6 4.Bxc4 e6 5.Nf3 c5 6.O-O a6 7.Qe2 Qc7 8.Rd1 Nc6
9.Nbd2 Bd6 10.Nf1 O-O 11.Bd2 b5 12.Bb3 Bb7 13.dxc5 Bxc5 14.Rac1 Qe7 15.Ng3 Rfd8
16.Bc3 Bb6 17.a3 h6 18.h3 Rac8 19.e4 Na5 20.Bc2 Nc4 21.Bb1 Nd7 22.Nh5 e5
23.Nh2 Nc5 24.Ng3 Nb3 25.Rxd8+ Rxd8 26.Nf5 Qf8 27.Re1 g6 28.Ng3 h5 29.Nf3 Qc5
30.Ba2 Nd4 31.Qf1 Nxf3+ 32.gxf3 h4 33.Ne2 Bc8 34.Bb4 Qc7 35.Qg2 Kg7 36.Bc3 f6
37.Kh2 Qc5 38.Bxc4 bxc4 39.Rf1 Rh8 40.Bb4 Qc6 41.Rg1 Qe8 42.Bc3 Rh5 43.Bd2 Bd4
44.Bc1 Bc5 45.f4 exf4 46.Bxf4 Bb7 47.Nc3 Bd4 48.Qf3 Rf5 49.Ne2 Bxe4 50.Qg4 Bxf2
51.Rf1 Ba7 52.Qxh4 g5 53.Qg4 Bd3 54.Ng3 Rb5 55.Nh5+ Kh8 56.Nxf6 Rxb2+ 57.Kg3 gxf4+
58.Kh4 Qf7 59.Qxf4 Qg7 60.Qf3 Qh6+ 61.Nh5 Bxf1 62.Qc3+ Kh7 63.Qxb2 Bb6 64.Qe5 Bd8+
65.Kg4 Qg6+ 66.Kf4 Bxh3  0-1

[Event "ZDMI Open"]
[Site "Dresden GER"]
[Date "2010.07.12"]
[Round "3"]
[White "Hansch,T"]
[Black "Mouritsen,J"]
[Result "1-0"]
[WhiteElo "2163"]
[BlackElo "1751"]

1.Nf3 d5 2.d4 Nf6 3.c4 dxc4 4.e3 e6 5.Bxc4 c5 6.O-O Nc6 7.Qe2 a6 8.a4 cxd4
9.exd4 Be7 10.Nc3 O-O 11.Rd1 Qc7 12.Be3 b6 13.Rac1 Bb7 14.d5 exd5 15.Nxd5 Nxd5
16.Bxd5 Bf6 17.Rxc6 Bxc6 18.Rc1 Rac8 19.Rxc6 Qd7 20.Rxc8 Rxc8 21.Bb3 b5 22.a5 Qc7
23.Qe1 Bxb2 24.Ng5 h6 25.Nxf7 Qc3 26.Nd6+ Kh8 27.Bd2  1-0

[Event "29th Jacques Lemans Open"]
[Site "St Veit SUI"]
[Date "2010.07.13"]
[Round "4"]
[White "Genser,H"]
[Black "Mazi,L"]
[Result "1/2-1/2"]
[WhiteElo "2262"]
[BlackElo "2376"]

1.d4 d5 2.c4 dxc4 3.Nf3 Nf6 4.e3 e6 5.Bxc4 c5 6.Qe2 cxd4 7.exd4 Nc6 8.O-O Be7
9.Rd1 O-O 10.Nc3 Nb4 11.Ne5 Nbd5 12.Rd3 Bd7  1/2-1/2

[Event "Open A"]
[Site "Oberwart AUT"]
[Date "2010.07.14"]
[Round "2"]
[White "Shimanov,A"]
[Black "Wallner,J"]
[Result "1-0"]
[WhiteElo "2519"]
[BlackElo "2269"]

1.d4 d5 2.c4 dxc4 3.e3 Nf6 4.Bxc4 e6 5.Nf3 c5 6.O-O a6 7.Bb3 b5 8.a4 Bb7
9.Qe2 c4 10.Bc2 Nbd7 11.e4 Be7 12.Rd1 O-O 13.Nbd2 Qc7 14.Nf1 Rfe8 15.Ng3 b4
16.b3 cxb3 17.Bxb3 a5 18.Bb2 Rac8 19.Re1 Qb6 20.Nd2 Ba6 21.Qf3 Qb7 22.d5 Nc5
23.dxe6 fxe6 24.Nf5 Kh8 25.Nxe7 Qxe7 26.e5 Nd5 27.Bxd5 exd5 28.Bd4 Ne6 29.Qe3 Rf8
30.Nb3 Rc4 31.Rad1 Qh4 32.Bb2 Nf4 33.Nd4 Rc7 34.g3 Nh3+ 35.Kg2 Qh5 36.f4 Bb7
37.Rd2 g5 38.f5 Rxf5 39.e6  1-0